Estatísticas para 90 Graus Este Países

Clique aqui para jogar o quiz

Estatísticas Gerais

  • Esse quiz foi jogado 18 vezes
  • A pontuação média é 19 de 20

Estatísticas das Respostas

grauspaís% Correto
Bangladesh
100%
2.15°Birmânia
100%
Butão
100%
12.32°Camboja
100%
China
100%
5.01°Indonésia
100%
9.63°Malásia
100%
Mongólia
100%
1.81°Nepal
100%
14.70°Paquistão
100%
Rússia
100%
8.13°Sri Lanka
100%
7.30°Tailândia
100%
12.11°Vietname
100%
Índia
92%
10.07°Laos
92%
9.86°Quirguistão
92%
13.60°Singapura
92%
14.95°Tajiquistão
92%
2.71°Cazaquistão
83%

Distribuição das Pontuações

Percentil de Números Respondidos

Porcentagem de Pessoas com Cada Pontuação

Sua Pontuação Histórica

Você não jogou esse quiz